Word maps : a dialect atlas of England /

Bibliographic Details
Main Author: Upton, Clive, 1946-
Other Authors: Sanderson, Stewart, Widdowson, J. D. A. (John David Allison), Brophy, David
Format: Book
Language:English
Published: London ; New York : Croom Helm, [1987]
Subjects:

MARC

Tag First Indicator Second Indicator Subfields
LEADER 00000cam a2200000 a 4500
001 in00000034113
005 20151007055212.0
008 870616s1987 enkb b 00110 eng
010 |a  87675293  
020 |a 0709944101 
020 |a 0709954093 (pbk.) 
034 0 |a a 
035 |a (OCoLC)16227526 
035 |9 AAB7563AM 
040 |a DLC  |c DLC  |d TXA  |d UtOrBLW 
043 |a e-uk-en 
049 |a TXAM  |c [A11495142] 
050 0 0 |a G1816.E3  |b U6 1987 
082 0 |a 912/.1427  |2 19 
100 1 |a Upton, Clive,  |d 1946- 
245 1 0 |a Word maps :  |b a dialect atlas of England /  |c Clive Upton, Stewart Sanderson, and John Widdowson ; cartography by David Brophy. 
255 |a Scale not given. 
264 1 |a London ;  |a New York :  |b Croom Helm,  |c [1987] 
264 4 |c ©1987 
300 |a 1 atlas (vii, 228 pages) :  |b maps ;  |c 25 cm. 
336 |a text  |b txt  |2 rdacontent 
337 |a unmediated  |b n  |2 rdamedia 
338 |a volume  |b nc  |2 rdacarrier 
504 |a Bibliography: page 218. 
500 |a Includes indexes. 
650 0 |a English language  |x Dialects  |z England  |x Maps. 
700 1 |a Sanderson, Stewart. 
700 1 |a Widdowson, J. D. A.  |q (John David Allison) 
700 1 |a Brophy, David. 
740 0 |a Dialect atlas of England. 
999 |a MARS 
999 f f |s ff542807-cdf8-3f61-a2e8-206e8809d2dc  |i 89e40fb1-2911-3e8a-bd3b-a4efa10fc241  |t 0 
952 f f |p ric  |a Texas A&M University  |b Rellis Campus  |c Joint Library Facility  |d Remote Storage  |t 0  |e G1816.E3 U6 1987  |h Library of Congress classification  |i unmediated -- volume  |m A14811495142 
998 f f |a G1816.E3 U6 1987  |t 0  |l Remote Storage